000 00462 a2200157 4500
999 _c5554
_d5554
020 _a8177541040
050 _aS623 BEN 2001
100 _aBennett, Hough Hammond
_eeditor
245 _aSoil conservation for sustainable agriculture /
_cHough Hammond Bennett
264 _aJodhpur :
_bAgrobios,
_c2001.
300 _a993p. :
_bill.
500 _aIncludes index
650 _aSoil conservation.
650 _aSustainable agriculture.
942 _2lcc
_cBK
_h623
_iBEN
_kS